Statystyki dla Państwa zaczynające się na literę "B"

Kliknij tutaj aby rozwiązać quiz!

Ogólne statystyki

  • Ten quiz został rozwiązany 85 razy
    (30 od ostatniego zresetowania)
  • Średni wynik to 11 z 17

Statystyki odpowiedzi

Odpowiedź% Poprawnych
Belgia
93%
Boliwia
82%
Bośnia i Hercegowina
82%
Bhutan
71%
Białoruś
71%
Bułgaria
71%
Bahrajn
68%
Bangladesz
68%
Barbados
64%
Benin
64%
Botswana
64%
Brunei
61%
Burundi
61%
Bahamy
57%
Brazylia
57%
Burkina Faso
54%
Belize
50%

Rozkład punktacji

Percentyl według liczby udzielonych odpowiedzi

Procent ludzi z każdym wynikiem

Twoja historia wyników

Nie rozwiązałeś tego quizu od ostatniego zresetowania